Environmentálny manažment ako súčasť destinačného manažmentu diplomová práca

Saved in:
Bibliographic Details
Main Author: Brodzianska, Viktória
Corporate Author: Obchodná fakulta EU. Katedra služieb a cestovného ruchu - zrušené
Other Authors: Bojová, Dominika
Format: Book
Language:Slovak
Published: Bratislava 2013
Tags: Add Tag
No Tags, Be the first to tag this record!

MARC

LEADER 00000nbm a2200000 4500
001 0169481
005 20161109102306.9
041 0 |a slo 
044 |a SK 
245 1 0 |a Environmentálny manažment ako súčasť destinačného manažmentu  |b diplomová práca  |c Viktória Brodzianska ; školiteľ: Dominika Bojová 
264 1 |a Bratislava  |c 2013 
300 |a 97 s. 
100 1 |a Brodzianska, Viktória 
700 1 |a Bojová, Dominika 
710 2 |a Obchodná fakulta EU. Katedra služieb a cestovného ruchu - zrušené